<?xml version="1.0" encoding="UTF-8"?><?xml-stylesheet type="text/xsl" href="static/style.xsl"?><OAI-PMH xmlns="http://www.openarchives.org/OAI/2.0/" xmlns:xsi="http://www.w3.org/2001/XMLSchema-instance" xsi:schemaLocation="http://www.openarchives.org/OAI/2.0/ http://www.openarchives.org/OAI/2.0/OAI-PMH.xsd"><responseDate>2026-06-01T07:10:34Z</responseDate><request verb="GetRecord" identifier="oai:riuma.uma.es:10630/33349" metadataPrefix="marc">https://riuma.uma.es/rest/oai/request</request><GetRecord><record><header><identifier>oai:riuma.uma.es:10630/33349</identifier><datestamp>2026-02-03T11:42:11Z</datestamp><setSpec>com_10630_2254</setSpec><setSpec>col_10630_37956</setSpec></header><metadata><record xmlns="http://www.loc.gov/MARC21/slim" xmlns:dcterms="http://purl.org/dc/terms/" xmlns:doc="http://www.lyncode.com/xoai" xmlns:xsi="http://www.w3.org/2001/XMLSchema-instance" xsi:schemaLocation="http://www.loc.gov/MARC21/slim http://www.loc.gov/standards/marcxml/schema/MARC21slim.xsd">
   <leader>00925njm 22002777a 4500</leader>
   <datafield ind2=" " ind1=" " tag="042">
      <subfield code="a">dc</subfield>
   </datafield>
   <datafield ind2=" " ind1=" " tag="720">
      <subfield code="a">Coronas-Valle, Daniel</subfield>
      <subfield code="e">author</subfield>
   </datafield>
   <datafield ind2=" " ind1=" " tag="260">
      <subfield code="c">2021</subfield>
   </datafield>
   <datafield ind2=" " ind1=" " tag="520">
      <subfield code="a">En medio de la incertidumbre y el caos causado por la pandemia del COVID-19, no resulta sencillo evaluar ni enjuiciar la labor de los legisladores europeos. No obstante, si algún efecto positivo puede derivarse de toda esta situación es la concentración de esfuerzo, la tendencia a la esencialidad y la constatación de aquellos elementos nucleares para el devenir de una Unión Europea (UE) fuerte y eficaz en sus propósitos. Si bien es cierto que aún nos puede faltar perspectiva histórica, dos vectores parecen confluir y serán abordados a lo largo de este trabajo, como líneas preferentes de una acción política y, por ende, jurídica. Del éxito de estas iniciativas depende en gran medida el futuro de la UE.</subfield>
   </datafield>
   <datafield ind1="8" ind2=" " tag="024">
      <subfield code="a">978-84-1390-055-1</subfield>
   </datafield>
   <datafield ind1="8" ind2=" " tag="024">
      <subfield code="a">https://hdl.handle.net/10630/33349</subfield>
   </datafield>
   <datafield tag="653" ind2=" " ind1=" ">
      <subfield code="a">Fraude fiscal - Unión Europea</subfield>
   </datafield>
   <datafield ind2="0" ind1="0" tag="245">
      <subfield code="a">Reiniciando Europa: sostenibilidad y lucha contra el fraude fiscal. El escenario europeo post COVID-19.</subfield>
   </datafield>
</record>
</metadata></record></GetRecord></OAI-PMH>